Kosimulácia virtuálneho vozidla s využitím kombinácie prediktívneho riadenia

Salvato in:
Dettagli Bibliografici
Autore principale: Porkert, Adam (Autore)
Altri autori: Bucha, Jozef (Relatore della tesi)
Natura: Manoscritto Libro
Lingua:slovacco
Pubblicazione: 2024
Soggetti:
Accesso online:http://is.stuba.sk/zp/portal_zp.pl?podrobnosti=178455
Tags: Aggiungi Tag
Nessun Tag, puoi essere il primo ad aggiungerne!!

MARC

LEADER 00000ntm a22000003a 4500
001 stuzp100570
003 SK-STU
005 20250226110955.4
007 ta
008 150427s2015----xo-----f-mn---000-0-slo-d
040 |a STU  |b slo 
041 0 |a slo 
100 1 |a Porkert, Adam  |u 020030  |4 aut  |U SjF Strojnícka fakulta  |T SjF Ústav automobilového inžinierstva a konštruovania  |X 103990  |U J0030  |Y 806  |7 103990 
242 0 1 |a Co-simulation of a Virtual Vehicle using a combination of Predictive Control  |y eng 
245 1 0 |a Kosimulácia virtuálneho vozidla s využitím kombinácie prediktívneho riadenia 
260 |c 2024 
650 4 |a Adams Car  |2 slo 
650 4 |a Kyburz  |2 slo 
650 4 |a FMI  |2 slo 
650 4 |a Jazdný manéver  |2 slo 
650 4 |a Kosimulácia  |2 slo 
650 4 |a Matlab(Simulink)  |2 slo 
650 4 |a FMI  |2 eng 
650 4 |a Matlab(Simulink)  |2 eng 
650 4 |a Co-simulation  |2 eng 
650 4 |a Kyburz  |2 eng 
650 4 |a Adams Car  |2 eng 
650 4 |a driving maneuever  |2 eng 
700 1 |a Bucha, Jozef  |u 020030  |k Z1  |4 ths  |U SjF Strojnícka fakulta  |T SjF Ústav automobilového inžinierstva a konštruovania  |X 70878  |U J0030  |Y 806  |7 A000070878 
856 4 |u http://is.stuba.sk/zp/portal_zp.pl?podrobnosti=178455 
996 |b 284J047715  |c J* 3811/DDP  |l JJSK  |s A  |a 24  |w stuzp100570_0001